000 00289nam a22001337a 4500
008 170714b xxu||||| |||| 00| 0 eng d
020 _a9781579546571
041 _aeng
080 _a17
100 _a23
101 _aFIL
245 _aHOME WORKOUT BIBLE
_cSCHULER.L
942 _2udc
_cBK
999 _c20708
_d20708